| 000 | 01326nam0a2200349 4500 | ||
|---|---|---|---|
| 001 | RU\NLR\bibl\836882 | ||
| 005 | 20250614143739.0 | ||
| 010 |
_a5-9579-0081-8 _92000 |
||
| 021 |
_aRU _b2005-44283 _92181 |
||
| 035 | _a(NLR Aleph) 000825720 | ||
| 090 |
_a1329245 _c1329245 |
||
| 100 | _a20050905d2005 |||y0rusy50 ca | ||
| 101 | 1 |
_arus _ceng |
|
| 102 | _aRU | ||
| 105 | _aa ||||||||| | ||
| 200 | 1 |
_aКак стать успешным IT-консультантом _dHow to become a successful IT consultant _fДэн Риминий _g[пер. с англ. В.И. Король] _zeng |
|
| 210 |
_aМосква _cКУДИЦ-ОБРАЗ _d2005 |
||
| 215 |
_a190 с. _cил. _d21 |
||
| 225 | 1 |
_aСеребряная пуля _dSilver bullet |
|
| 320 | _aБиблиогр.: с. 165-167 | ||
| 320 | _aПредм. указ.: с. 180-184 | ||
| 510 | 0 |
_aHow to become a successful IT consultant _zeng |
|
| 606 | 1 |
_aКонсалтинг _92116955 _3RU\NLR\auth\661278776 |
|
| 606 | 1 |
_aКонсалтинг _xСоциально-психологические исследования _92232905 _3RU\NLR\auth\661340162 |
|
| 686 | _aУ21(0)2 | ||
| 686 | _aС550.422.1 | ||
| 700 | 1 |
_aРиминий _bД. _gДэн _4070 |
|
| 801 | 0 |
_aRU _bNLR _c20050905 _grcr |
|
| 801 | 1 |
_aRU _bNLR _c20050905 |
|
| 942 | _cBOOK | ||
| 980 | _aNB | ||